| 000 | 00566nam a2200193 a 4500 | ||
|---|---|---|---|
| 001 | 1794 | ||
| 005 | 20140414131923.0 | ||
| 008 | 010320s19uu xx 00 eng d | ||
| 020 | _a0-7924-5624-6 | ||
| 050 |
_aER _bT14 1991 |
||
| 100 | _aFerguson, Don | ||
| 245 |
_aTale Spin : _cadapted by Don Ferguson ; illustrated by Vaccaro Associates, Inc. _bcaptain outrageous / |
||
| 260 |
_aNew York : _bMallard Press, _c1991. |
||
| 300 | _ap. ; ill. | ||
| 440 | _aDisney's TaleSpin | ||
| 650 |
_aAdventures _xFiction. |
||
| 650 | _aChildren's stories | ||
| 999 |
_c111875 _d111875 |
||